[Event "Foment Martinenc op-A 22nd"]
[Site "Barcelona"]
[Date "2022.06.11"]
[Round "8"]
[White "Sanchez Valencia, Alberto"]
[Black "Romero Moreno, Felix"]
[Result "1-0"]
[WhiteElo "1604"]
[BlackElo "1853"]
[PlyCount "97"]
[EventDate "2022.04.23"]
[EventType "swiss"]
[EventRounds "9"]
[EventCountry "ESP"]
[SourceTitle "EXT 2023"]
[Source "ChessBase"]
[SourceDate "2022.10.05"]
[SourceVersion "1"]
[SourceVersionDate "2022.10.05"]
[SourceQuality "1"]

1. e4 e6 2. Nf3 d5 3. e5 c5 4. b4 c4 5. c3 Bd7 6. d4 a5 7. bxa5 Qxa5 8. Be2 Nc6 9. 0-0 f6 10. exf6 Nxf6 11. Ng5 Bd6 12. Bh5+ g6 13. Be2 0-0 14. h4 Qc7 15. h5 Ne7 16. Qc2 e5 17. dxe5 Bxe5 18. Ba3 Bf5 19. Qd1 Bf4 20. Nf3 Rfe8 21. hxg6 Nxg6 22. Bb4 Bxb1 23. Rxb1 Rxa2 24. Re1 Qf7 25. Ra1 Rea8 26. Rxa2 Rxa2 27. Qb1 Ra8 28. Nd4 Be5 29. Nf5 Qd7 30. g4 Ne4 31. Qc2 Nd6 32. Bxd6 Bxd6 33. Qd2 Bf4 34. Qd4 Re8 35. Kf1 Re4 36. Qc5 Qe6 37. Nd4 Qe7 38. Qc8+ Kf7 39. Nf5 Qc7 40. Nh6+ Kg7 41. Nf5+ Kf6 42. Qg8 Bd2 43. Qxd5 Bxe1 44. Qxe4 Bxc3 45. Bxc4 Qc6 46. Bd5 Qa6+ 47. Kg2 b5 48. f4 h6 49. Nxh6 1-0

[Event "Foment Martinenc op-A 22nd"]
[Site "Barcelona"]
[Date "2022.05.21"]
[Round "5"]
[White "Romero Moreno, Felix"]
[Black "Sanchez Aguilar, Arnau"]
[Result "0-1"]
[WhiteElo "1853"]
[BlackElo "2020"]
[PlyCount "120"]
[EventDate "2022.04.23"]
[EventType "swiss"]
[EventRounds "9"]
[EventCountry "ESP"]
[SourceTitle "EXT 2023"]
[Source "ChessBase"]
[SourceDate "2022.10.05"]
[SourceVersion "1"]
[SourceVersionDate "2022.10.05"]
[SourceQuality "1"]

1. c4 c5 2. Nc3 Nc6 3. g3 g6 4. Bg2 Bg7 5. d3 d6 6. Qd2 e6 7. b3 Nge7 8. Bb2 0-0 9. h4 d5 10. h5 Qa5 11. h6 Bh8 12. Nh3 d4 13. Ne4 Qxd2+ 14. Kxd2 b6 15. Nf4 a5 16. Nd6 Ba6 17. a3 Rad8 18. Nb5 e5 19. Nh3 Rd7 20. Ng5 Nd8 21. Bh3 f5 22. b4 Bf6 23. Ne4 Bb7 24. bxa5 Bxe4 25. dxe4 bxa5 26. Kc2 Nf7 27. Bc1 Ng5 28. f3 Nxh3 29. Rxh3 Rfd8 30. Kd3 fxe4+ 31. fxe4 Kf7 32. Bd2 a4 33. Rf1 Ke6 34. g4 Nc6 35. Rhf3 Be7 36. Rf7 Bh4 37. Nc7+ Kd6 38. Nd5 Rxf7 39. Rxf7 Rb8 40. Rxh7 Rb3+ 41. Kc2 d3+ 42. exd3 Nd4+ 43. Kc1 Rxd3 44. Ba5 Bg5+ 45. Kb1 Rb3+ 46. Ka2 Bc1 47. Bc3 Ne2 48. Rg7 Nxc3+ 49. Nxc3 Rxc3 50. Rxg6+ Ke7 51. g5 Kf7 52. Rf6+ Kg8 53. Rg6+ Kh8 54. Kb1 Bf4 55. Kb2 Rxc4 56. Rg7 Rd4 57. Rc7 Bxg5 58. Rxc5 Bf4 59. Kc3 Rxe4 60. Rc6 Kh7 0-1

[Event "Catalunya-chT Gp1"]
[Site "Barcelona"]
[Date "2022.02.05"]
[Round "3.10"]
[White "Saurina Suner, Francesc Xavier"]
[Black "Romero Moreno, Felix"]
[Result "1/2-1/2"]
[WhiteElo "1949"]
[BlackElo "1856"]
[PlyCount "123"]
[EventDate "2022.01.22"]
[EventType "team-tourn"]
[EventRounds "9"]
[EventCountry "ESP"]
[SourceTitle "CBM 206 Extra"]
[Source "ChessBase"]
[SourceDate "2022.03.31"]
[SourceVersion "1"]
[SourceVersionDate "2022.03.31"]
[SourceQuality "1"]
[WhiteTeam "Gerunda"]
[BlackTeam "Sant Andreu"]
[WhiteTeamCountry "ESP"]
[BlackTeamCountry "ESP"]

1. e4 c6 2. d4 d5 3. e5 Bf5 4. h4 h5 5. Bg5 Qb6 6. Bd3 Bxd3 7. Qxd3 Qa6 8. Rh3 e6 9. Nd2 Nh6 10. Ne2 Qxd3 11. Rxd3 Nf5 12. a4 Na6 13. 0-0-0 Nb4 14. Rh3 c5 15. c3 Nc6 16. c4 dxc4 17. Rc3 cxd4 18. Rxc4 Nxe5 19. Rc7 Bd6 20. Rxb7 f6 21. Nf4 fxg5 22. Nxe6 g4 23. Ne4 Rc8+ 24. Kb1 Rh6 25. Nxd4 Nxd4 26. Rxd4 Be7 27. Rd5 Re6 28. Nc3 a6 29. f4 gxf3 30. gxf3 g6 31. f4 Ng4 32. f5 gxf5 33. Rxf5 Nf6 34. Nd5 Nxd5 35. Rxd5 Rc4 36. Rxh5 Re1+ 37. Ka2 Rxa4+ 38. Kb3 Rxh4 39. Rxe7+ Kxe7 40. Rxh4 Re5 41. Rh6 Ra5 42. Kb4 Ra2 43. Kb3 Ra1 44. Kc4 Kd7 45. Kc5 Ra2 46. Rh7+ Ke6 47. b4 Ke5 48. Re7+ Kf6 49. Ra7 Ra4 50. Rb7 Ke6 51. Kc6 Ke5 52. Kc5 Ke4 53. Rd7 Ke5 54. Re7+ Kf6 55. Re2 Kf5 56. Rc2 Ke5 57. Rc4 Ke6 58. Rc1 Ke5 59. Re1+ Kf6 60. Rb1 Ke5 61. Re1+ Kf6 62. Rb1 1/2-1/2

[Event "Barcelona Vila de Gracia op 25th"]
[Site "Barcelona"]
[Date "2021.11.26"]
[Round "9"]
[White "Romero Moreno, Felix"]
[Black "Ibanez Camara, Oscar"]
[Result "1-0"]
[WhiteElo "1897"]
[BlackElo "1621"]
[PlyCount "79"]
[EventDate "2021.10.01"]
[EventType "swiss"]
[EventRounds "9"]
[EventCountry "ESP"]
[SourceTitle "EXT 2023"]
[Source "ChessBase"]
[SourceDate "2022.10.05"]
[SourceVersion "1"]
[SourceVersionDate "2022.10.05"]
[SourceQuality "1"]

1. c4 Nf6 2. Nc3 g6 3. Nf3 Bg7 4. g3 0-0 5. Bg2 d6 6. 0-0 e5 7. d3 Nc6 8. Rb1 Nd7 9. b4 f5 10. Nd5 h6 11. b5 Ne7 12. Nd2 Nf6 13. a4 Nexd5 14. cxd5 g5 15. Bb2 Qe8 16. Rc1 Rf7 17. Qb3 Qd8 18. Rc4 f4 19. d4 e4 20. Nxe4 Bf5 21. Nxf6+ Bxf6 22. e4 Bg6 23. e5 Bg7 24. e6 Re7 25. gxf4 gxf4 26. Bc1 Qf8 27. Re1 Kh8 28. Qf3 Rae8 29. Bd2 Qf6 30. Qxf4 Qxf4 31. Bxf4 Rf8 32. Be3 Rg8 33. Kh1 Kh7 34. Rec1 Rc8 35. Bf4 Rf8 36. Bg3 c6 37. bxc6 bxc6 38. Rxc6 Bxd4 39. Bxd6 Rxf2 40. Bxe7 1-0

[Event "Barcelona Vila de Gracia op 25th"]
[Site "Barcelona"]
[Date "2021.11.05"]
[Round "6"]
[White "Romero Moreno, Felix"]
[Black "Sanmarti Falguera, Ricard"]
[Result "1-0"]
[WhiteElo "1897"]
[BlackElo "1740"]
[PlyCount "70"]
[EventDate "2021.10.01"]
[EventType "swiss"]
[EventRounds "9"]
[EventCountry "ESP"]
[SourceTitle "EXT 2023"]
[Source "ChessBase"]
[SourceDate "2022.10.05"]
[SourceVersion "1"]
[SourceVersionDate "2022.10.05"]
[SourceQuality "1"]

1. d4 Nf6 2. Nf3 g6 3. Bg5 Bg7 4. Nbd2 0-0 5. c3 d6 6. e3 Nbd7 7. Be2 b6 8. a4 Bb7 9. Qc2 c5 10. 0-0 h6 11. Bh4 Rc8 12. h3 cxd4 13. Nxd4 Nc5 14. Rfd1 a6 15. Bg3 Rc7 16. f3 e5 17. N4b3 Nh5 18. Bh2 Qg5 19. Nf1 Qe7 20. g4 Nf6 21. Nxc5 dxc5 22. e4 Nh7 23. Bc4 Qf6 24. Qe2 Qh4 25. Bg3 Qf6 26. Kg2 h5 27. Ne3 h4 28. Bh2 Ng5 29. Nd5 Bxd5 30. Rxd5 Qe7 31. Rad1 a5 32. Rd6 Rb8 33. Rxg6 Ne6 34. Bxe6 fxe6 35. Bxe5 Qe8 1-0

[Event "Barcelona Vila de Gracia op 25th"]
[Site "Barcelona"]
[Date "2021.10.22"]
[Round "4"]
[White "Romero Moreno, Felix"]
[Black "Escribano Rodriguez, Pedro"]
[Result "0-1"]
[WhiteElo "1897"]
[BlackElo "1730"]
[PlyCount "66"]
[EventDate "2021.10.01"]
[EventType "swiss"]
[EventRounds "9"]
[EventCountry "ESP"]
[SourceTitle "EXT 2023"]
[Source "ChessBase"]
[SourceDate "2022.10.05"]
[SourceVersion "1"]
[SourceVersionDate "2022.10.05"]
[SourceQuality "1"]

1. c4 Nf6 2. Nc3 c5 3. Nf3 Nc6 4. g3 d5 5. cxd5 Nxd5 6. Bg2 Nc7 7. 0-0 e5 8. Ne1 Be7 9. Nd3 0-0 10. Bxc6 bxc6 11. Nxe5 Qd6 12. Nc4 Qg6 13. d3 Bh3 14. Re1 Nd5 15. e4 Nb6 16. Ne3 Rad8 17. Nf5 Bf6 18. Bf4 Bxf5 19. exf5 Qxf5 20. Ne4 Bxb2 21. Rb1 Be5 22. Bxe5 Qxe5 23. Qc2 c4 24. dxc4 c5 25. Re3 Rd4 26. Nd2 Qd6 27. Ne4 Qc6 28. Ng5 g6 29. Re4 Rfd8 30. Re7 Qf6 31. Rxf7 Qxg5 32. Rxa7 Qf6 33. Ra6 Rd2 0-1

[Event "Barcelona Vila de Gracia op 25th"]
[Site "Barcelona"]
[Date "2021.10.08"]
[Round "2"]
[White "Romero Moreno, Felix"]
[Black "Julbe Colom, Lluis"]
[Result "1/2-1/2"]
[WhiteElo "1897"]
[BlackElo "1513"]
[PlyCount "110"]
[EventDate "2021.10.01"]
[EventType "swiss"]
[EventRounds "9"]
[EventCountry "ESP"]
[SourceTitle "EXT 2023"]
[Source "ChessBase"]
[SourceDate "2022.10.05"]
[SourceVersion "1"]
[SourceVersionDate "2022.10.05"]
[SourceQuality "1"]

1. c4 Nf6 2. Nc3 g6 3. Nf3 Bg7 4. g3 0-0 5. Bg2 d6 6. 0-0 c5 7. d4 cxd4 8. Nxd4 a6 9. Qd3 Nbd7 10. b3 Nc5 11. Qd2 Qc7 12. Bb2 Bd7 13. Rfd1 Rac8 14. Rac1 Rfd8 15. Nd5 Nxd5 16. cxd5 Qb6 17. Bc3 Qa7 18. h3 e5 19. dxe6 fxe6 20. e4 e5 21. Ne2 Bc6 22. Qe3 b6 23. Rd2 Qb7 24. f3 Qe7 25. Rcd1 Rd7 26. Bb4 Rcd8 27. Nc3 b5 28. h4 Ne6 29. Bh3 Bf8 30. Nd5 Qf7 31. Kg2 Rb7 32. Bxe6 Qxe6 33. Qg5 Rbb8 34. Ba5 Rdc8 35. Bc7 Rb7 36. Ba5 Bxd5 37. exd5 Qf5 38. Re2 b4 39. Bd8 Rc2 40. Rxc2 Qxc2+ 41. Rd2 Qf5 42. Qe3 Rb8 43. Bg5 Rc8 44. Qe4 h6 45. Be3 Rc3 46. Qxf5 gxf5 47. Bb6 Rc8 48. Ba5 Rb8 49. Bc7 Rc8 50. Bb6 Kf7 51. Kf2 h5 52. Ba5 Rb8 53. f4 exf4 54. gxf4 Rb5 55. Bd8 Rc5 1/2-1/2

[Event "Sant Andreu Tram-A"]
[Site "Barcelona"]
[Date "2019.10.26"]
[Round "6"]
[White "Parra Ordorica, Gorka"]
[Black "Romero Moreno, Felix"]
[Result "0-1"]
[WhiteElo "1854"]
[BlackElo "1914"]
[PlyCount "88"]
[EventDate "2019.09.14"]
[EventType "tourn"]
[EventRounds "9"]
[EventCountry "ESP"]
[SourceTitle "CBM 195 Extra"]
[Source "ChessBase"]
[SourceDate "2020.05.31"]
[SourceVersion "1"]
[SourceVersionDate "2020.05.31"]
[SourceQuality "1"]

1. d4 Nf6 2. c4 e6 3. g3 c5 4. d5 exd5 5. cxd5 d6 6. Nc3 g6 7. e4 Bg7 8. Bg2 0-0 9. Nge2 a6 10. a4 Nbd7 11. f4 Re8 12. 0-0 Rb8 13. Qd3 Qc7 14. b3 b5 15. axb5 axb5 16. Ra2 c4 17. bxc4 bxc4 18. Qc2 Qb6+ 19. Kh1 Ng4 20. Nd1 Qb3 21. h3 Ngf6 22. Nf2 Qxc2 23. Rxc2 Ba6 24. Ba3 Rb6 25. Nc3 Nh5 26. Ne2 c3 27. Kh2 Bxe2 28. Rxe2 Ra6 29. Bc1 Nb6 30. Rc2 Rc8 31. Nd3 Nf6 32. Nb4 Ra4 33. Nc6 Re8 34. Be3 Nfxd5 35. exd5 Rxe3 36. Rb1 Nd7 37. Rb7 Nf6 38. Ne7+ Kf8 39. Nc8 Ne8 40. Rd7 Rb4 41. Nxd6 Nxd6 42. Rxd6 Rb2 43. Rc1 Ree2 44. Rg1 Bd4 0-1

[Event "Barcelona Sants op 21st"]
[Site "Barcelona"]
[Date "2019.08.31"]
[Round "9"]
[White "Planella Sanchez, Jordi"]
[Black "Romero Moreno, Felix"]
[Result "0-1"]
[WhiteElo "1919"]
[BlackElo "1914"]
[PlyCount "126"]
[EventDate "2019.08.23"]
[EventType "swiss"]
[EventRounds "10"]
[EventCountry "ESP"]
[SourceTitle "EXT 2020"]
[Source "ChessBase"]
[SourceDate "2019.10.17"]
[SourceVersion "1"]
[SourceVersionDate "2019.10.17"]
[SourceQuality "1"]

1. e4 c5 2. Nf3 Nc6 3. g3 e6 4. Qe2 Nge7 5. Bg2 d5 6. d3 b6 7. 0-0 Bb7 8. c3 h6 9. Na3 Qd7 10. Nc2 g6 11. Bf4 Bg7 12. h4 0-0 13. e5 d4 14. c4 Kh7 15. Nh2 f6 16. exf6 Bxf6 17. Rae1 e5 18. Bd2 Rae8 19. h5 g5 20. Be4+ Kg7 21. a3 Nd8 22. b4 Bxe4 23. Qxe4 Qf5 24. Qe2 Nb7 25. Rb1 Nc8 26. g4 Qh7 27. f3 Ncd6 28. Na1 Bd8 29. Nb3 Bc7 30. Be1 Nxc4 31. bxc5 bxc5 32. Bf2 Nxa3 33. Ra1 Nb5 34. Ra6 Nc3 35. Qd2 Bb6 36. Re1 Nd5 37. Nc1 Nf4 38. Bg3 Nd6 39. Rd1 Kh8 40. Kf2 Qf7 41. Qc2 c4 42. Bxf4 Qxf4 43. Kg2 Qf7 44. Ne2 cxd3 45. Qxd3 Nc4 46. Rc1 Ne3+ 47. Kh3 e4 48. Qb1 Re6 49. Qb2 Qf6 50. Ng3 d3 51. Qd2 exf3 52. Qxd3 Rd8 53. Qb5 f2 54. Nhf1 Nxg4 55. Rc4 Ne5 56. Rc2 g4+ 57. Kg2 Qf3+ 58. Kh2 Qf4 59. Qb2 Bd4 60. Qb7 Rxa6 61. Qxa6 Nf3+ 62. Kh1 Qg5 63. Qc6 Qh4+ 0-1

[Event "Foment Martinenc op-A 21st"]
[Site "Barcelona"]
[Date "2019.06.08"]
[Round "7"]
[White "Roca Planas, Edgar"]
[Black "Romero Moreno, Felix"]
[Result "1-0"]
[WhiteElo "2057"]
[BlackElo "1904"]
[PlyCount "81"]
[EventDate "2019.04.27"]
[EventType "swiss"]
[EventRounds "9"]
[EventCountry "ESP"]
[SourceTitle "EXT 2020"]
[Source "ChessBase"]
[SourceDate "2019.10.17"]
[SourceVersion "1"]
[SourceVersionDate "2019.10.17"]
[SourceQuality "1"]

1. e4 e6 2. d4 d5 3. Nc3 Nf6 4. e5 Nfd7 5. f4 c5 6. Nf3 Nc6 7. Be3 a6 8. Qd2 b5 9. a3 g5 10. Nxg5 cxd4 11. Bxd4 Nxd4 12. Qxd4 Bc5 13. Qd2 Qb6 14. Nd1 Be7 15. Nf3 Bb7 16. g3 Rc8 17. Bg2 Rc4 18. c3 Re4+ 19. Kf1 Rc4 20. Nd4 a5 21. Ne3 Rc7 22. b4 0-0 23. Kf2 Rfc8 24. Rhc1 axb4 25. axb4 Bxb4 26. Nxb5 Qxb5 27. cxb4 Rxc1 28. Rxc1 Rxc1 29. Qxc1 Qxb4 30. Bf3 Nc5 31. Qc2 d4 32. Ng4 d3 33. Nf6+ Kh8 34. Qa2 Qd4+ 35. Kg2 d2 36. Qb1 Bxf3+ 37. Kh3 Bg4+ 38. Kh4 Bf5 39. Qb8+ Kg7 40. Qg8+ Kh6 41. Qg5# 1-0

[Event "Foment Martinenc op-A 21st"]
[Site "Barcelona"]
[Date "2019.05.04"]
[Round "2"]
[White "Marzo Pie, Xavier"]
[Black "Romero Moreno, Felix"]
[Result "1-0"]
[WhiteElo "2114"]
[BlackElo "1904"]
[PlyCount "75"]
[EventDate "2019.04.27"]
[EventType "swiss"]
[EventRounds "9"]
[EventCountry "ESP"]
[SourceTitle "EXT 2020"]
[Source "ChessBase"]
[SourceDate "2019.10.17"]
[SourceVersion "1"]
[SourceVersionDate "2019.10.17"]
[SourceQuality "1"]

1. d4 Nf6 2. c4 c5 3. d5 e6 4. Nc3 exd5 5. cxd5 d6 6. e4 g6 7. f4 Bg7 8. Bb5+ Nfd7 9. Bd3 0-0 10. Nf3 Qc7 11. 0-0 c4 12. Bc2 Na6 13. Be3 Nb4 14. Nb5 Qb8 15. Nbd4 Nc5 16. e5 Nxd5 17. Bc1 Nb4 18. Nb5 Nxc2 19. Qxc2 Bf5 20. Qf2 Bd3 21. Nxd6 Bxf1 22. Qxc5 Bd3 23. Be3 a5 24. Nd4 Ra6 25. Re1 Rd8 26. N4b5 Rd7 27. Qd5 Bf5 28. Qxc4 Be6 29. Qa4 Qd8 30. Qe4 Bxa2 31. Rc1 Qe7 32. Rc8+ Rd8 33. Qxb7 Qh4 34. Rxd8+ Qxd8 35. Qxa6 Qh4 36. Qxa5 Bd5 37. Qd2 Ba8 38. Nc7 1-0

[Event "Catalunya-chT GpA final"]
[Site "Barcelona"]
[Date "2015.04.18"]
[Round "11.4"]
[White "Lorente Munoz, Raul"]
[Black "Romero Moreno, Felix"]
[Result "1/2-1/2"]
[WhiteElo "1896"]
[BlackElo "1976"]
[PlyCount "145"]
[EventDate "2015.03.14"]
[EventType "team-tourn"]
[EventRounds "11"]
[EventCountry "ESP"]
[SourceTitle "EXT 2016"]
[Source "ChessBase"]
[SourceDate "2015.10.08"]
[SourceVersion "1"]
[SourceVersionDate "2015.10.08"]
[SourceQuality "1"]
[WhiteTeam "Sant Josep de Badalona"]
[BlackTeam "Sant Andreu"]
[WhiteTeamCountry "ESP"]
[BlackTeamCountry "ESP"]

1. d4 Nf6 2. c4 c5 3. d5 e6 4. dxe6 fxe6 5. Nf3 Be7 6. Nc3 d5 7. e3 Nc6 8. Be2 0-0 9. 0-0 d4 10. Nb5 a6 11. Na3 e5 12. exd4 exd4 13. Nc2 Bf5 14. Bd3 Bg4 15. h3 Bh5 16. Bf4 Nd7 17. Bg3 Bxf3 18. gxf3 Nde5 19. Be4 Qd7 20. Bd5+ Kh8 21. Kg2 Ng6 22. Re1 Nf4+ 23. Bxf4 Rxf4 24. Re4 Raf8 25. Rxf4 Rxf4 26. Qe2 Rf6 27. Rh1 Bd6 28. a3 Ne5 29. Ne1 Ng6 30. Nd3 Qf5 31. Kf1 b5 32. b3 Nh4 33. Qe4 Nxf3 34. Qxf3 Qxf3 35. Bxf3 Rxf3 36. Ke2 Rf8 37. Rg1 Re8+ 38. Kf3 bxc4 39. bxc4 g6 40. Rg5 Rc8 41. Rd5 Bf8 42. Rd7 Kg8 43. Ra7 Rc6 44. Ra8 Kg7 45. Kg4 Kf6 46. Rxf8+ Kg7 47. Ra8 Kf6 48. f4 h5+ 49. Kf3 Re6 50. Nxc5 Re3+ 51. Kf2 Rxh3 52. Rf8+ Ke7 53. Ra8 Rxa3 54. Nxa6 h4 55. c5 h3 56. c6 Ra2+ 57. Kg1 h2+ 58. Kh1 d3 59. Ra7+ Kf6 60. Rd7 Rxa6 61. c7 Rc6 62. Rd6+ Rxd6 63. c8Q d2 64. Qc3+ Ke6 65. Qb3+ Kd7 66. Qd1 Ke6 67. Kxh2 Kf5 68. Kg2 Kxf4 69. Kf2 g5 70. Qf3+ Ke5 71. Qe2+ Kf6 72. Qd1 Kf5 73. Qf3+ 1/2-1/2

[Event "Barcelona Sants op 09th"]
[Site "Barcelona"]
[Date "2007.08.24"]
[Round "1"]
[White "Romero Moreno, Felix"]
[Black "Bromberger, Stefan"]
[Result "0-1"]
[WhiteElo "2048"]
[BlackElo "2500"]
[PlyCount "73"]
[EventDate "2007.08.24"]
[EventType "swiss"]
[EventRounds "10"]
[EventCountry "ESP"]
[SourceTitle "CBM 120 Extra"]
[Source "ChessBase"]
[SourceDate "2007.11.01"]
[SourceVersion "1"]
[SourceVersionDate "2007.11.01"]
[SourceQuality "1"]

1. d4 Nf6 2. c4 e6 3. g3 c5 4. d5 exd5 5. cxd5 Bd6 6. Nf3 0-0 7. Nc3 a6 8. a4 Bc7 9. Bg2 d6 10. 0-0 Nbd7 11. Nd2 Rb8 12. Nde4 Re8 13. Bf4 Nxe4 14. Nxe4 Ne5 15. Qc1 Bf5 16. Nc3 b5 17. axb5 axb5 18. Bxe5 Rxe5 19. f4 Re8 20. e4 Bd7 21. f5 Qf6 22. Ra7 Rbc8 23. Ne2 b4 24. Nf4 Bb5 25. Rf2 Bb6 26. Rb7 Rb8 27. Rxb6 Rxb6 28. Nh5 Qe5 29. Qg5 Ra6 30. h4 Ra1+ 31. Kh2 Rb1 32. Kh3 c4 33. Bf1 h6 34. Qg4 Rxb2 35. Rxb2 Qxb2 36. f6 g6 37. Ng7 0-1